Obchodní jednání a národní zvyklosti: Kolumbie

Obchodné rokovania a národné zvyklosti. Pracovné návyky, vzťahy medzi ľuďmi, verbálna a neverbálna komunikácia, obliekanie a vzhľad, jedlo a stolovanie, viera, širší rámec kultúrnych osobitostí.

Na minha lista:
Detalhes bibliográficos
Autor principal: Kohák, František
Formato: Capítulo de Livro
Idioma:tcheco
Assuntos:
Tags: Adicionar Tag
Sem tags, seja o primeiro a adicionar uma tag!

MARC

LEADER 00000naa$a2200000$$$4500
001 0002040
005 20230908091404.8
041 0 |a cze 
044 |a CZ 
245 1 0 |a Obchodní jednání a národní zvyklosti: Kolumbie  |c aut. František Kohák 
520 |a Obchodné rokovania a národné zvyklosti. Pracovné návyky, vzťahy medzi ľuďmi, verbálna a neverbálna komunikácia, obliekanie a vzhľad, jedlo a stolovanie, viera, širší rámec kultúrnych osobitostí. 
610 2 0 |a rokovania obchodné 
610 2 0 |a partneri obchodní 
610 2 0 |a Kolumbia 
610 2 0 |a zvyklosti obchodné 
610 2 0 |a komunikácia 
610 2 0 |a stolovanie 
100 1 |a Kohák, František